Competitiveness of construction industry (Record no. 68810)

MARC details
000 -LEADER
fixed length control field 00958cam a2200217 4500
001 - CONTROL NUMBER
control field WB3742-01
008 - FIXED-LENGTH DATA ELEMENTS--GENERAL INFORMATION
fixed length control field 011107n2001 000 0 eng u
035 ## - SYSTEM CONTROL NUMBER
System control number (Sirsi) u115526
245 ## - TITLE STATEMENT
Title Competitiveness of construction industry
260 ## - PUBLICATION, DISTRIBUTION, ETC.
Date of publication, distribution, etc. 2001
490 ## - SERIES STATEMENT
Series statement RICS European Alert
Volume/sequential designation October 2001, 2(1)
520 ## - SUMMARY, ETC.
Summary, etc. At a joint seminar of construction industry representatives, EU Member States, and the European Commission, held in May 1999, 13 priority recommendations for action were identified. A series of working groups were set up to work on these recommendations. The final reports of all the working groups have now been published. They can be downloaded from: http://www.europa.eu.int/comm/enterprise/construction/compet/compcon.htm
590 ## - LOCAL NOTE (RLIN)
Local note WB
650 ## - SUBJECT ADDED ENTRY--TOPICAL TERM
Topical term or geographic name entry element EUROPE
650 ## - SUBJECT ADDED ENTRY--TOPICAL TERM
Topical term or geographic name entry element COMPETITIVENESS
650 ## - SUBJECT ADDED ENTRY--TOPICAL TERM
Topical term or geographic name entry element REPORTS
650 ## - SUBJECT ADDED ENTRY--TOPICAL TERM
Topical term or geographic name entry element CONSTRUCTION INDUSTRY
650 ## - SUBJECT ADDED ENTRY--TOPICAL TERM
Topical term or geographic name entry element IMPROVEMENTS
690 ## - LOCAL SUBJECT ADDED ENTRY--TOPICAL TERM (OCLC, RLIN)
Topical term or geographic name as entry element BUILT ENVIRONMENT
942 ## - ADDED ENTRY ELEMENTS (KOHA)
Suppress in OPAC 0
Holdings
Withdrawn status Lost status Source of classification or shelving scheme Damaged status Not for loan Home library Current library Shelving location Date acquired Total Checkouts Full call number Barcode Date last seen Copy number Price effective from Koha item type
    Dewey Decimal Classification     London London News article 07/11/2001   WB3742-01 115526-1001 06/08/2019 1 06/08/2019 News article